000
00229nam a22000857a 4500
008
160831b xxu||||| |||| 00| 0 eng d
100
_9
264
_a
Satyamurthy, B.V
245
_a
How to draw Cartoons
260
_a
New Delhi
_b
Pustak Mahal
_c
2004
999
_c
2922
_d
2922